000 00330nam a2200133Ia 4500
008 231129s9999||||xx |||||||||||||| ||spa||
020 _a84-345-8162-0
040 _bspa
082 _a920 G285v
100 _aGaya Nuno Juan A.
245 0 _aVelazquez
264 _aSalvat
942 _2ddc
_cBKS
999 _c26159
_d26159